[Event "Match"]
[Site "www.echecsemail.com"]
[Date "2017.04.22"]
[Round "1"]
[White "Whitekknight"]
[Black "Coraza"]
[WhiteElo "1940"]
[BlackElo "1810"]
[Result "1-0"]
[Round "1"]
1.e4 e5
2.Ng1f3 Nb8c6
3.Bf1c4 h6
4.Nb1c3 Bf8b4
5.Nc3d5 b6
6.c3 Bb4c5
7.O-O Bc8b7
8.b4 Bc5d6
9.a3 Nc6b8
10.d4 Nb8c6
11.Bc1e3 Nc6e7
12.dxe5 c6
13.Nd5xb6 axb6
14.exd6 Ne7g6
15.e5 b5
16.Bc4b3 f6
17.Bb3xg8 Rh8xg8
18.Qd1b3 Rg8f8
19.Be3c5 fxe5
20.Rf1e1 Qd8f6
21.Re1e3 Ng6f4
22.Nf3xe5 O-O-O
23.a4 Rd8e8
24.Ne5g4 Qf6g5
25.Re3xe8 Rf8xe8
26.h3 Nf4e2
27.Kf1 Qg5f5
28.Ng4e3 Ne2g3
29.Kg1 Ng3e2
30.Kf1 Qf5d3
31.Qb3b1 Qd3xb1
32.Ra1xb1 Ne2xc3
33.Rb1a1 Bb7a6
34.a5 g6
35.Ra1c1 h5
36.Rc1xc3 h4
37.Rc3d3 g5
38.Ne3g4 Re8e4
39.Rd3e3 Re4e6
40.Re3e5 Re6g6
41.Ke2 Rg6g8
42.Ng4f6 Rg8g7
43.Re5e7 Rg7g6
44.Re7e8 Kb7
45.Nf6xd7 Rg6e6
46.Re8xe6 Kc8
47.Nd7b6 Kd8
48.d7 { resign }
1-0

[Event "Match"]
[Site "www.echecsemail.com"]
[Date "2017.04.22"]
[Round "1"]
[White "Babedad"]
[Black "Coraza"]
[WhiteElo "2210"]
[BlackElo "1770"]
[Result "1-0"]
[Round "1"]
1.b3 e5
2.Bc1b2 Nb8c6
3.e3 d5
4.Bf1b5 Ng8f6
5.Bb2xe5 Bc8d7
6.Ng1f3 a6
7.Bb5xc6 bxc6
8.O-O Bf8d6
9.d4 Bd6xe5
10.Nf3xe5 O-O
11.Ne5xd7 Qd8xd7
12.Nb1d2 Qd7d6
13.Qd1e2 h5
14.c4 Nf6g4
15.Nd2f3 Ra8e8
16.h3 Ng4f6
17.Ra1c1 Nf6e4
18.cxd5 cxd5
19.Nf3e5 g6
20.Rc1c6 Qd6a3
21.Ne5d7 Re8e6
22.Rc6xe6 fxe6
23.Nd7xf8 Kxf8
24.Qe2c2 Qa3d6
25.Rf1c1 c5
26.dxc5 Qd6c6
27.b4 Kg7
28.a4 Qc6b7
29.Rc1b1 h4
30.b5 a5
31.c6 Qb7c8
32.b6 Ne4d6
33.b7 Qc8b8
34.c7 Qb8f8
35.b8Q { resign }
1-0

[Event "Match"]
[Site "www.echecsemail.com"]
[Date "2017.04.22"]
[Round "1"]
[White "Susov"]
[Black "Ztornad"]
[WhiteElo "1860"]
[BlackElo "1650"]
[Result "1-0"]
[Round "1"]
1.e4 e5
2.Ng1f3 f6
3.Nb1c3 Nb8c6
4.Bf1c4 Ng8e7
5.d3 Nc6d4
6.Bc1e3 Ne7c6
7.a3 a5
8.Bc4d5 b5
9.Be3xd4 exd4
10.Nf3xd4 Ra8b8
11.Bd5xc6 Bf8c5
12.Nc3e2 Bc8b7
13.Bc6xb5 c6
14.Bb5c4 g6
15.Nd4b3 Bc5a7
16.Qd1d2  { time }
1-0

[Event "Match"]
[Site "www.echecsemail.com"]
[Date "2017.04.22"]
[Round "1"]
[White "Ztornad"]
[Black "Gilliere"]
[WhiteElo "1650"]
[BlackElo "2040"]
[Result "0-1"]
[Round "1"]
1.e4 c5
2.c4 Nb8c6
3.Nb1c3 d6
4.Nc3d5 e6
5.Nd5e3 Ng8f6
6.f3 Bf8e7
7.Ng1h3 h6
8.Ne3g4 Nf6xg4
9.fxg4 Nc6e5
10.Bf1e2 b6
11.O-O Bc8b7
12.d3 O-O
13.Nh3f4 Ne5c6
14.Nf4h5 Nc6d4
 { time }
0-1

[Event "Match"]
[Site "www.echecsemail.com"]
[Date "2017.04.22"]
[Round "1"]
[White "Billyg"]
[Black "Stewartborst"]
[WhiteElo "1670"]
[BlackElo "1499"]
[Result "1-0"]
[Round "1"]
1.e4 e5
2.Ng1f3 Nb8c6
3.d4 Ng8f6
4.dxe5 Nf6xe4
5.Bf1d3 d5
6.Bd3xe4 dxe4
7.Qd1xd8 Kxd8
8.Nf3g5 Nc6xe5
9.f4 h6
10.fxe5 hxg5
11.O-O Bf8c5
12.Kh1 f6
13.exf6 Rh8f8
14.Bc1xg5 Bc5e7
15.fxe7 Ke8
16.Rf1xf8 { resign }
1-0

[Event "Match"]
[Site "www.echecsemail.com"]
[Date "2017.04.22"]
[Round "1"]
[White "Pdebonis"]
[Black "Szustan"]
[WhiteElo "2450"]
[BlackElo "2650"]
[Result "1-0"]
[Round "1"]
1.d4 d5
2.c4 dxc4
3.Ng1f3 Ng8f6
4.e3 e6
5.Bf1xc4 a6
6.O-O Bf8e7
7.Nb1c3 b5
8.Bc4d3 Nb8d7
9.e4 Bc8b7
10.e5 Nf6d5
11.a4 b4
12.Nc3e4 O-O
13.Bd3b1 c5
14.Qd1d3 g6
15.Qd3d2 cxd4
16.Qd2h6 f6
17.exf6 Be7xf6
18.Qh6h3 Rf8e8
19.Rf1e1 Qd8e7
20.Bb1a2 Ra8c8
21.Ne4xf6 Qe7xf6
22.Nf3g5 h5
23.Ng5e4 Qf6e5
24.Bc1h6 Nd5e3
25.Ne4g5 Nd7c5
26.fxe3 b3
27.Ra1d1 d3
28.Ba2b1 Qe5h8
29.Bb1xd3 Qh8xh6
30.Qh3g3 Nc5xd3
31.Rd1xd3 Qh6g7
32.Rd3xb3 Rc8c7
33.e4 Rc7c2
34.Rb3f3 Qg7xb2
35.Re1f1 a5
36.Rf3f8 Re8xf8
37.Rf1xf8 Kg7
38.Ng5xe6 Kh7
39.Rf8f7 Kh8
40.Qg3b8 Bb7c8
41.Qb8xb2 { resign }
1-0

[Event "Match"]
[Site "www.echecsemail.com"]
[Date "2017.04.22"]
[Round "1"]
[White "Mrmoto"]
[Black "Orae"]
[WhiteElo "1690"]
[BlackElo "1710"]
[Result "1/2-1/2"]
[Round "1"]
1.e4 e5
2.Ng1f3 Nb8c6
3.Bf1b5 Ng8f6
4.O-O Nc6d4
5.Nf3xd4 exd4
6.d3 g6
7.Bc1g5 Bf8e7
8.c3 Nf6h5
9.Bg5xe7 Qd8xe7
10.cxd4 Qe7b4
11.Qd1b3 Qb4xd4
{ draw }
1/2-1/2

[Event "1/64 Finale"]
[Site "www.chess-mail.com"]
[Date "2017.04.22"]
[Round "1"]
[White "Bojan"]
[Black "Leonger"]
[WhiteElo "1970"]
[BlackElo "2259"]
[Result "0-1"]
[Round "1"]
1.e4 c5
2.Ng1f3 Nb8c6
3.Bf1c4 d6
4.a3 Ng8f6
5.Qd1e2 e6
6.Nb1c3 Bf8e7
7.d3 O-O
8.Bc1e3 d5
9.Bc4a2 d4
10.Be3d2 dxc3
11.Bd2xc3 b5
12.h3 Bc8b7
13.Nf3h2 b4
14.axb4 cxb4
15.Bc3d2 Nc6d4
16.Qe2d1 Ra8c8
17.c3 bxc3
18.Bd2xc3 Nd4b5
19.Bc3e5 Be7b4
20.Ke2 Nb5d4
21.Kf1 Nf6xe4
22.dxe4 Bb7a6
23.Kg1 Nd4e2
24.Kf1 Ne2c1
{ resign }
0-1

[Event "Tourn. n9266"]
[Site "www.chess-mail.com"]
[Date "2017.04.23"]
[Round "1"]
[White "Bojan"]
[Black "Norlavuaram"]
[WhiteElo "2000"]
[BlackElo "2090"]
[Result "0-1"]
[Round "1"]
1.b3 Ng8f6
2.Bc1b2 g6
3.Bb2xf6 exf6
4.c3 Bf8g7
5.d4 O-O
6.e3 f5
7.Nb1d2 d5
8.Ng1f3 b6
9.c4 Bc8b7
10.Ra1c1 Nb8d7
11.Bf1e2 c5
12.dxc5 Nd7xc5
13.cxd5 Qd8xd5
14.Be2c4 Qd5d8
15.b4 Nc5d3
16.Ke2 Nd3xc1
17.Qd1xc1 Ra8c8
18.Qc1a3 Bb7xf3
19.Nd2xf3 Rc8xc4
20.Rh1d1 Qd8c7
21.Qa3a4 Rc4c2
22.Kf1 Qc7c4
23.Kg1 Rf8c8
24.h3 Qc4e2
25.Rd1f1 Rc2xa2
26.Qa4b3 h6
27.h4 g5
28.hxg5 hxg5
29.Nf3xg5 Qe2xf1
{ resign }
0-1

[Event "Tourn. n9345"]
[Site "www.chess-mail.com"]
[Date "2017.04.23"]
[Round "1"]
[White "Bojan"]
[Black "Cjood"]
[WhiteElo "1970"]
[BlackElo "1870"]
[Result "1-0"]
[Round "1"]
1.b4 e6
2.a3 c5
3.c3 cxb4
4.axb4 a5
5.bxa5 Ra8xa5
6.Ra1xa5 Qd8xa5
7.Qd1b3 Nb8c6
8.d4 Nc6xd4
9.Qb3b2 Nd4f5
10.e4 Nf5d6
11.Bf1d3 e5
12.Ng1f3 Ng8f6
13.Nb1d2 Qa5a7
14.O-O Qa7c5
15.Qb2b3 b5
16.Bc1a3 Qc5b6
17.Nd2c4 Nd6xc4
18.Bd3xc4 Bf8xa3
19.Nf3xe5 d5
20.Bc4xb5 Bc8d7
21.Ne5xd7 Qb6a7
22.Nd7xf6 Kf8
23.Nf6xd5 Ba3d6
24.c4 Qa7b8
25.g3 g5
26.Rf1e1 h5
27.Nd5f6 Kg7
28.Nf6d7 Qb8a7
29.Qb3c3 f6
30.Qc3xf6 Kh7
31.Qf6xg5 { resign }
1-0

[Event "Tourn. n9332"]
[Site "www.chess-mail.com"]
[Date "2017.04.23"]
[Round "1"]
[White "Conde7"]
[Black "Seger"]
[WhiteElo "2860"]
[BlackElo "2680"]
[Result "1-0"]
[Round "1"]
1.e4 c5
2.Ng1f3 Nb8c6
3.d4 cxd4
4.Nf3xd4 g6
5.c4 Bf8g7
6.Bc1e3 d6
7.Nb1c3 Qd8b6
8.Nd4b5 Kf8
9.Be3xb6 { resign }
1-0

[Event "Tourn. n9337"]
[Site "www.chess-mail.com"]
[Date "2017.04.23"]
[Round "1"]
[White "Cjood"]
[Black "Aiko1603"]
[WhiteElo "1879"]
[BlackElo "1980"]
[Result "0-1"]
[Round "1"]
1.g3 c5
2.Bf1g2 Nb8c6
3.c3 g6
4.e4 Bf8g7
5.f4 d6
6.Nb1a3 Ng8f6
7.Qd1b3 O-O
8.Ng1e2 a6
9.d3 b5
10.Na3c2 Bc8e6
11.c4 bxc4
12.dxc4 Nc6a5
13.Qb3c3 Nf6xe4
14.Qc3f3 f5
15.Nc2e3 Na5xc4
16.Ne3xc4 Be6xc4
17.Ra1b1 Qd8a5
18.b4 Qa5xa2
19.Rb1b2 Bg7xb2
20.Bc1xb2 Qa2xb2
{ resign }
0-1

[Event "Tourn. n9142"]
[Site "www.chess-mail.com"]
[Date "2017.04.23"]
[Round "1"]
[White "Jazzy"]
[Black "Numanoid"]
[WhiteElo "2399"]
[BlackElo "2410"]
[Result "0-1"]
[Round "1"]
1.e3 e5
2.d4 exd4
3.exd4 d5
4.Ng1f3 Bf8d6
5.Nb1c3 c6
6.Bf1e2 Ng8f6
7.O-O O-O
8.Rf1e1 Bc8g4
9.h3 Bg4h5
10.Bc1e3 Nb8d7
11.a3 Rf8e8
12.a4 Nd7f8
13.a5 a6
14.Ra1a4 Bd6c7
15.b4 Nf8e6
16.Ra4a1 Bh5xf3
17.Be2xf3 Qd8d6
18.g3 Qd6xb4
19.Nc3e2 Qb4d6
20.Ne2f4 Qd6d7
21.Nf4d3 Bc7d6
22.Kg2 Qd7c7
23.Qd1d2 Ra8d8
24.Re1c1 Nf6e4
25.Bf3xe4 dxe4
26.Nd3b2 Bd6f8
27.c3 c5
28.d5 Qc7e5
29.c4 Ne6d4
30.Rc1c3 Nd4f3
31.Qd2c2 Nf3d4
32.Qc2d2 Nd4f3
33.Qd2c2 g5
34.Ra1d1 Qe5c7
35.Rc3a3 Bf8d6
36.Rd1f1 f5
37.Be3c1 f4
38.g4 Nf3d4
39.Qc2d2 f3
40.Kh1 Bd6f4
41.Qd2c3 Nd4e2
42.Bc1xf4 Qc7xf4
43.Qc3e3 Qf4f6
{ resign }
0-1

[Event "Tourn. n9305"]
[Site "www.chess-mail.com"]
[Date "2017.04.23"]
[Round "1"]
[White "Attatroll"]
[Black "Libiesse"]
[WhiteElo "1970"]
[BlackElo "1880"]
[Result "1-0"]
[Round "1"]
1.e4 c5
2.Nb1c3 e6
3.f4 d5
4.exd5 exd5
5.Ng1f3 Ng8f6
6.Bf1b5 Bc8d7
7.O-O a6
8.Bb5xd7 Qd8xd7
9.Rf1e1 Bf8e7
10.Qd1e2 Nb8c6
11.Nf3e5 Qd7c7
12.d3 O-O
13.Ne5xc6 bxc6
14.Qe2xe7 Qc7xe7
15.Re1xe7 Rf8e8
16.Re7xe8 Ra8xe8
17.Bc1d2 Kf8
18.Ra1e1 Re8e6
19.Re1xe6 fxe6
20.Nc3a4 Nf6d7
21.Bd2e3 Kf7
22.Na4xc5 Nd7xc5
23.Be3xc5 g6
24.Kf2 Kf6
25.Kf3 g5
26.fxg5 Kxg5
27.g4 h6
28.Bc5e3 Kg6
29.h4 h5
30.g5 Kf5
31.Be3c5 { resign }
1-0

[Event "Tourn. n9314"]
[Site "www.chess-mail.com"]
[Date "2017.04.23"]
[Round "1"]
[White "Cristiano"]
[Black "Prize640"]
[WhiteElo "2240"]
[BlackElo "2370"]
[Result "1-0"]
[Round "1"]
1.e4 c5
2.Ng1f3 Nb8c6
3.d4 cxd4
4.Nf3xd4 g6
5.Bc1e3 Bf8g7
6.c3 Ng8f6
7.f3 d6
8.Bf1c4 Bc8d7
9.Nb1a3 a6
10.Qd1d2  { time }
1-0

[Event "Tourn. n9271"]
[Site "www.chess-mail.com"]
[Date "2017.04.23"]
[Round "1"]
[White "Luban"]
[Black "Norlavuaram"]
[WhiteElo "2180"]
[BlackElo "2090"]
[Result "0-1"]
[Round "1"]
1.d4 Ng8f6
2.c4 g6
3.e3 Bf8g7
4.Nb1c3 O-O
5.Ng1f3 d5
6.h3 b6
7.Bf1d3 Bc8b7
8.O-O Nb8d7
9.cxd5 Nf6xd5
10.e4 Nd5xc3
11.bxc3 c5
12.Bc1b2 Ra8c8
13.Rf1e1 Qd8c7
14.Ra1b1 Rf8d8
15.Qd1b3 c4
16.Bd3xc4 e6
17.Bc4d3 Nd7f6
18.c4 Nf6e8
19.d5 exd5
20.cxd5 Qc7f4
21.Bb2c1 Qf4b8
22.Bc1e3 Rc8c3
23.Qb3d1 Rd8c8
24.Rb1c1 Rc3xc1
25.Be3xc1 Ne8d6
26.Qd1e2 Nd6e8
27.Bc1d2 Rc8d8
28.Re1c1 Ne8f6
29.Bd2c3 Rd8e8
30.Qe2b2 Nf6h5
31.Bc3xg7 Nh5xg7
32.Qb2b3 Re8d8
33.Nf3e5 Qb8xe5
{ resign }
0-1

[Event "Tourn. n9347"]
[Site "www.chess-mail.com"]
[Date "2017.04.23"]
[Round "1"]
[White "Cjood"]
[Black "Albertf"]
[WhiteElo "1870"]
[BlackElo "1840"]
[Result "1-0"]
[Round "1"]
1.e4 e5
2.Ng1f3 Nb8c6
3.Bf1c4 Nc6d4
4.Nf3xe5 Qd8g5
5.Bc4xf7 Ke7
6.Ne5g4 Kxf7
7.d3 Qg5g6
8.Ng4e5 { resign }
1-0

[Event "Tourn. n9299"]
[Site "www.chess-mail.com"]
[Date "2017.04.23"]
[Round "1"]
[White "Panham"]
[Black "Jaroslavpech"]
[WhiteElo "2140"]
[BlackElo "2120"]
[Result "1-0"]
[Round "1"]
1.e4 c5
2.d4 cxd4
3.c3 dxc3
4.Nb1xc3 Nb8c6
5.Ng1f3 e6
6.Bc1f4 a6
7.Bf1c4 Ng8e7
8.O-O Ne7g6
9.Bf4g3 Bf8e7
10.Qd1e2 b5
11.Bc4b3 Bc8b7
12.Rf1d1 O-O
13.Bg3d6 Nc6a5
14.Bb3c2 Na5c4
15.Bd6xe7 Qd8xe7
{ time. }
1-0

[Event "Match"]
[Site "www.echecsemail.com"]
[Date "2017.04.23"]
[Round "1"]
[White "Kazooie"]
[Black "Orae"]
[WhiteElo "1780"]
[BlackElo "1710"]
[Result "1-0"]
[Round "1"]
1.c4 e5
2.Nb1c3 c6
3.e4 Ng8f6
4.Bf1d3 Bf8c5
5.Bd3c2 d6
6.Ng1f3 Bc5xf2
7.Kxf2 Nf6g4
8.Kg1 Qd8b6
9.d4 Bc8e6
10.h3 Ng4f6
11.b3 h6
12.Nc3a4 Qb6c7
13.d5 Be6d7
14.Bc1b2 b5
15.cxb5 cxb5
16.Na4c3 Qc7c5
17.Kh2 Qc5e3
18.Rh1e1 Qe3c5
19.Ra1c1 O-O
20.Bc2d3 Qc5c8
21.Nc3xb5 Qc8b7
22.Nb5xd6 Qb7b6
23.Bb2xe5 Nf6e8
24.Nd6c4 Qb6g6
25.Be5c3 Nb8a6
26.e5 Bd7f5
27.Nf3h4 Qg6g5
28.Nh4xf5 Qg5f4
29.Nf5g3 Na6c7
30.Bc3b4 Ne8d6
31.Bb4xd6 Rf8c8
32.Bd6xc7 Rc8xc7
33.d6 Rc7d7
34.Re1f1 Qf4g5
35.Qd1f3 Ra8e8
36.Qf3f5 Qg5d8
37.Qf5h7 Kf8
38.Qh7h8 { resign }
1-0

[Event "Match"]
[Site "www.echecsemail.com"]
[Date "2017.04.23"]
[Round "1"]
[White "Pariolinius"]
[Black "Ztornad"]
[WhiteElo "1980"]
[BlackElo "1650"]
[Result "1-0"]
[Round "1"]
1.d4 d5
2.Ng1f3 Ng8f6
3.Bc1f4 Nb8a6
4.c3 Bc8d7
5.Nb1d2 Nf6h5
6.Bf4e3 e6
7.g3 h6
8.Bf1g2 c5
9.O-O c4
10.Nf3e5 Qd8e7
11.b3 b5
12.b4 Bd7c8
13.Bg2f3 Qe7c7
14.Bf3xh5 g6
15.Bh5f3 Na6b8
16.Be3f4 Bf8d6
17.a4 bxa4
{ time. }
1-0

[Event "Match"]
[Site "www.echecsemail.com"]
[Date "2017.04.23"]
[Round "1"]
[White "Carazo"]
[Black "Pinehill"]
[WhiteElo "1680"]
[BlackElo "1950"]
[Result "0-1"]
[Round "1"]
1.e4 d5
2.exd5 Ng8f6
3.c4 e6
4.dxe6 Bc8xe6
5.Qd1e2 Bf8c5
6.Ng1f3 O-O
7.g3 Rf8e8
8.Qe2d1 Be6xc4
9.Bf1e2 Re8xe2
10.Qd1xe2 Bc4xe2
11.Nf3g1 Be2d3
12.Nb1c3 Nb8c6
13.Nc3e2 Qd8e7
14.a3 Ra8e8
15.Kf1 Bd3xe2
16.Kg2 Qe7e4
17.f3 Qe4d4
18.Ng1h3 Be2xf3
{ resign }
0-1

[Event "Match"]
[Site "www.echecsemail.com"]
[Date "2017.04.23"]
[Round "1"]
[White "Aiko1603"]
[Black "Cjood"]
[WhiteElo "2030"]
[BlackElo "1699"]
[Result "1-0"]
[Round "1"]
1.c4 c5
2.Nb1c3 g6
3.g3 e5
4.Bf1g2 Ng8f6
5.d3 Qd8b6
6.Ng1f3 d6
7.O-O Nb8c6
8.b3 Bc8d7
9.Bc1g5 Bf8g7
10.Bg5xf6 Bg7xf6
11.Nc3d5 Qb6d8
12.Qd1d2 Bf6g7
13.e3 e4
14.dxe4 Bg7xa1
15.Rf1xa1 Bd7e6
16.Qd2c3 Kd7
17.Nd5f4 a6
18.Ra1d1 Kc7
19.e5 Kb6
20.Rd1xd6 Qd8e8
21.Nf4d5 Be6xd5
22.cxd5 Ra8d8
23.dxc6 Rd8xd6
24.exd6 bxc6
25.Nf3e5 Rh8f8
26.Ne5c4 Ka7
27.Qc3a5 Qe8d8
28.Qa5xc5 Kb8
29.Qc5xc6 { resign }
1-0

[Event "Match"]
[Site "www.echecsemail.com"]
[Date "2017.04.23"]
[Round "1"]
[White "Cjood"]
[Black "Bojan"]
[WhiteElo "1849"]
[BlackElo "1960"]
[Result "1/2-1/2"]
[Round "1"]
1.d4 g6
2.c4 d5
3.Bc1f4 Bf8g7
4.Nb1c3 c6
5.cxd5 cxd5
6.Nc3b5 Nb8a6
7.Ra1c1 Bc8d7
8.Nb5c7 Kf8
9.Nc7xa8 Qd8xa8
10.e3 Na6b4
11.Qd1b3 Nb4c6
12.Bf1b5 Ng8f6
13.Ng1f3 a6
14.Bb5d3 Nf6h5
15.Bf4g5 h6
16.Bg5h4 g5
17.Bh4g3 Bg7f6
18.a3 Bd7e6
19.Bg3c7 Kg7
20.h3 Rh8c8
21.Qb3b6 Kg8
22.O-O Nh5g7
23.b4 Nc6a7
24.a4 Na7c6
25.b5 Nc6b8
26.Bc7xb8 Rc8xb8
27.Rc1a1 Be6c8
28.Rf1c1 e6
29.e4 Ng7e8
30.exd5 Bf6e7
31.dxe6 Bc8xe6
32.Nf3e5 Be7d8
33.Qb6c5 Rb8c8
34.Qc5b4 a5
35.Qb4d2 Bd8b6
36.Rc1xc8 Qa8xc8
37.Ra1c1 Qc8d8
38.Ne5f3 Ne8d6
39.Bd3e2 Nd6f5
40.Nf3h2 Nf5xd4
41.Rc1d1 Be6b3
42.Rd1f1 Bb6c7
43.g3 Bb3xa4
44.Be2c4 Ba4c2
45.Rf1c1 Bc2e4
46.Qd2e3 Be4g6
47.Kf1 Bc7b6
48.Qe3e5 Nd4f5
49.Bc4d5 Bb6d4
50.Bd5xf7 Kxf7
51.Qe5c7 Qd8e7
52.Qc7xa5 b6
53.Qa5a2 Kg7
54.Rc1c8 Bg6f7
55.Qa2d2 Qe7f6
56.Nh2g4 Qf6e6
57.Rc8c6 Qe6e4
58.Rc6c1 Bd4c5
59.Kg1 Nf5xg3
60.Kh2 Bf7d5
61.fxg3 Kg6
62.Rc1e1 Qe4f5
63.Ng4e5 Kh7
64.Qd2d3 Bd5e6
65.Qd3xf5 Be6xf5
66.Re1d1 h5
67.Ne5c4 Kg7
68.Rd1d5 Kf6
69.Nc4xb6 Bc5e3
70.Nb6c4 Be3f2
71.Kg2 Bf5e4
72.Kxf2 Be4xd5
73.Nc4a3 Kf5
74.Ke3 Bd5g2
75.b6 Bg2d5
76.Na3c4 Ke6
77.Kd4 Bd5g2
78.h4 gxh4
79.gxh4 Bg2a8
80.Nc4e5 Kf5
81.Ne5d7 Kg4
82.Nd7f6 { draw }
1/2-1/2

[Event "Match"]
[Site "www.echecsemail.com"]
[Date "2017.04.23"]
[Round "1"]
[White "Wd40"]
[Black "Karlgrocer"]
[WhiteElo "2490"]
[BlackElo "2050"]
[Result "1-0"]
[Round "1"]
1.e4 c5
2.Ng1f3 d6
3.d4 cxd4
4.Nf3xd4 e6
5.Nb1c3 Ng8f6
6.f4 Bf8e7
7.Bf1b5 Bc8d7
8.e5 dxe5
9.fxe5 Nf6d5
10.Nc3xd5 exd5
11.e6 Bd7xb5
12.exf7 Kxf7
13.Nd4xb5 Rh8f8
14.Bc1e3 a6
15.Nb5c3 Kg8
16.Qd1xd5 Qd8xd5
17.Nc3xd5 Be7h4
18.g3 Bh4f6
19.Nd5c7 Nb8c6
20.Nc7xa8 Rf8xa8
21.O-O-O h6
22.Rh1e1 Kh7
23.Rd1d7 b5
24.Be3f4 Nc6a5
25.Re1e6 Kg6
26.Rd7d6 Na5c4
27.Rd6c6 Kh7
28.b3 Nc4a5
29.Rc6xa6 Ra8xa6
30.Re6xa6 { resign }
1-0

[Event "Match"]
[Site "www.echecsemail.com"]
[Date "2017.04.23"]
[Round "1"]
[White "Cjood"]
[Black "Ericleo1980"]
[WhiteElo "1699"]
[BlackElo "2190"]
[Result "0-1"]
[Round "1"]
1.c4 c5
2.Ng1f3 Ng8f6
3.Nb1c3 d5
4.cxd5 Nf6xd5
5.e4 Nd5b4
6.Qd1b3 Nb8c6
7.Nf3g5 e6
8.a3 Nc6d4
9.Qb3a4 Bc8d7
10.Bf1b5 Nb4c2
11.Kd1 Nc2xa1
12.b4 Na1c2
13.bxc5 Bf8xc5
14.d3 a6
15.Bb5xd7 Qd8xd7
16.Qa4xd7 Kxd7
17.Ng5xf7 Rh8f8
18.Nf7e5 Kc7
19.f4 Bc5xa3
20.Bc1d2 Ba3d6
21.g4 Bd6xe5
22.fxe5 b5
23.h4 a5
24.Nc3xb5 Nd4xb5
25.Kxc2 a4
26.Kb2 a3
27.Ka2 Rf8f2
28.Rh1d1 Nb5c3
{ resign }
0-1

[Event "Match"]
[Site "www.echecsemail.com"]
[Date "2017.04.23"]
[Round "1"]
[White "Orae"]
[Black "Guidom"]
[WhiteElo "1760"]
[BlackElo "2020"]
[Result "0-1"]
[Round "1"]
1.e4 e5
2.Ng1f3 Nb8c6
3.Bf1c4 d6
4.d3 Bf8e7
5.O-O Ng8f6
6.Bc4xf7 Kxf7
7.Nf3g5 Kf8
8.Qd1f3 Nc6d4
9.Qf3d1 h6
10.Ng5f3 Bc8g4
11.Nb1d2 Qd8d7
12.c3 Nd4xf3
13.Nd2xf3 Nf6h5
14.h3 Bg4xf3
15.Qd1xf3 Nh5f6
16.a4 c6
17.a5 a6
18.b4 Kf7
19.Bc1e3 Rh8f8
20.d4 Kg8
21.Qf3g3 Kh7
22.dxe5 dxe5
23.Ra1d1 Qd7e6
24.f4 exf4
25.Be3xf4 Nf6h5
26.Qg3e3 Nh5xf4
27.Rf1xf4 Be7g5
28.Rd1f1 Rf8xf4
29.Rf1xf4 Ra8f8
30.g3 Bg5xf4
31.gxf4 Qe6d6
32.e5 Qd6g6
33.Kf2 Qg6f5
34.Kg3 Rf8d8
{ resign }
0-1

[Event "Match"]
[Site "www.echecsemail.com"]
[Date "2017.04.23"]
[Round "1"]
[White "Orae"]
[Black "Libiesse"]
[WhiteElo "1710"]
[BlackElo "1800"]
[Result "0-1"]
[Round "1"]
1.e4 c5
2.Bf1c4 e6
3.d4 cxd4
4.Ng1f3 Nb8c6
5.Nf3xd4 d6
6.O-O Qd8b6
7.c3 Bf8e7
8.Rf1e1 Ng8f6
9.Nb1d2 O-O
10.Nd2f3 a6
11.b3 Bc8d7
12.Bc1e3 Qb6c7
13.Be3g5 b5
14.Bc4xb5 axb5
15.Qd1d2 Rf8b8
16.b4 Nc6xd4
17.cxd4 Bd7c6
18.Bg5xf6 Be7xf6
19.Re1c1 Qc7b7
20.Ra1b1 Bc6xe4
21.Rb1b3 Be4d5
22.Rb3c3 Ra8xa2
23.Rc3c2 Ra2xc2
24.Qd2xc2 Bd5xf3
25.gxf3 Bf6g5
26.Rc1d1 Rb8c8
27.Qc2d3 d5
28.Kh1 Rc8c4
29.Rd1g1 Bg5f6
30.Rg1g4 Rc4xb4
31.Rg4g3 Rb4xd4
32.Qd3c2 Rd4c4
33.Qc2d2 b4
34.f4 b3
35.Qd2d3 b2
36.Rg3g1 d4
{ resign }
0-1

[Event "1/32 Finale"]
[Site "www.chess-mail.com"]
[Date "2017.04.23"]
[Round "1"]
[White "Ecijaajedrez"]
[Black "Attatroll"]
[WhiteElo "2400"]
[BlackElo "1980"]
[Result "0-1"]
[Round "1"]
1.d4 f5
2.Nb1c3 Ng8f6
3.Bc1f4 d6
4.e3 g6
5.h4 Bf8g7
6.h5 Nf6xh5
7.Rh1xh5 gxh5
8.Qd1xh5 Kf8
9.Bf1e2 c6
10.O-O-O Qd8e8
11.Qh5h3 Bc8e6
12.e4 Qe8f7
13.e5 h5
 { time }
0-1

[Event "1/32 Finale"]
[Site "www.chess-mail.com"]
[Date "2017.04.23"]
[Round "1"]
[White "Jose"]
[Black "Ssharp"]
[WhiteElo "2800"]
[BlackElo "2240"]
[Result "1-0"]
[Round "1"]
1.c4 c5
2.Nb1c3 Nb8c6
3.g3 g6
4.Bf1g2 Bf8g7
5.e4 e5
6.Ng1e2 Ng8e7
7.d3 d6
8.O-O O-O
9.a3 a6
10.Ra1b1 Ra8b8
11.b4 cxb4
12.axb4 b5
13.Bc1g5 h6
14.Bg5e3 Kh7
{ time. }
1-0

[Event "1/64 Finale"]
[Site "www.chess-mail.com"]
[Date "2017.04.23"]
[Round "1"]
[White "Chessington"]
[Black "Cjood"]
[WhiteElo "2420"]
[BlackElo "1970"]
[Result "1-0"]
[Round "1"]
1.Ng1f3 b6
2.e4 d5
3.exd5 Qd8xd5
4.Nb1c3 Qd5h5
5.d4 Bc8g4
6.Bf1e2 Nb8c6
7.O-O O-O-O
8.h3 Bg4xf3
9.Be2xf3 Qh5g6
10.Qd1e2 Nc6xd4
11.Qe2a6 Kd7
12.Rf1d1 Ke8
13.Rd1xd4 Rd8xd4
14.Nc3b5 Rd4d8
15.Nb5xc7 Kd7
16.Bc1g5 Qg6xc2
17.Ra1d1 Qc2xd1
18.Bf3xd1 Kxc7
19.Qa6xa7 Kc6
20.Bd1f3 Kb5
21.Qa7c7 Rd8d6
22.Bf3e2 Ka4
23.Qc7c4 { resign }
1-0

[Event "Eq:Slap Shot Mates-Latinoamerica : "]
[Site "www.chess-mail.com"]
[Date "2017.04.23"]
[Round "1"]
[White "Obisporey"]
[Black "Geodad5"]
[WhiteElo "2660"]
[BlackElo "2190"]
[Result "1-0"]
[Round "1"]
1.e4 c5
2.Ng1f3 d6
3.d4 cxd4
4.Nf3xd4 Nb8c6
5.Nb1c3 g6
6.Bc1e3 Bf8g7
7.Qd1d2 Ng8f6
8.f3 O-O
9.g4 Bc8d7
10.O-O-O a6
11.h4 h5
12.g5 Nf6e8
13.Kb1 Ra8c8
14.Nd4xc6 Bd7xc6
15.Nc3d5 b5
16.Be3b6 Qd8d7
17.Bf1h3 e6
18.Qd2f2 Qd7b7
19.Nd5b4 Bc6d7
20.Rh1g1 Kh7
21.a3 Rc8a8
22.Bb6a5 f5
23.exf5 exf5
24.f4 Ra8c8
25.Bh3g2 Bd7c6
26.Nb4xc6 Rc8xc6
27.Qf2f3 Rc6xc2
28.Qf3xb7 Rc2xb2
29.Kc1 Kh8
30.Qb7e7 Rb2f2
31.Ba5c3 { resign }
1-0

[Event "Fast Game"]
[Site "www.echecsemail.com"]
[Date "2017.04.23"]
[Round "1"]
[White "Cjood"]
[Black "Leonger"]
[WhiteElo "1959"]
[BlackElo "1950"]
[Result "0-1"]
[Round "1"]
1.Ng1f3 d5
2.d4 e6
3.g3 Ng8f6
4.Bf1g2 c5
5.dxc5 Bf8xc5
6.c4 Nb8c6
7.cxd5 exd5
8.Bc1g5 Bc5xf2
9.Kf1 Bf2b6
10.Nb1c3 O-O
11.Bg5xf6 Qd8xf6
12.Qd1xd5 h6
13.Ra1d1 Rf8d8
14.Qd5b3 Bc8e6
15.Rd1xd8 Ra8xd8
16.Nc3e4 Qf6f5
17.Qb3c2 Nc6b4
18.Qc2b1 Be6xa2
19.Qb1c1 Qf5xe4
20.Nf3d2 Qe4e3
{ resign }
0-1

[Event "Tourn. n9221"]
[Site "www.chess-mail.com"]
[Date "2017.04.24"]
[Round "1"]
[White "Falcoale"]
[Black "Pariolinius"]
[WhiteElo "1920"]
[BlackElo "2040"]
[Result "1-0"]
[Round "1"]
1.e4 e6
2.d4 d5
3.exd5 exd5
4.Ng1f3 Ng8f6
5.h3 Nb8c6
6.c3 Bf8d6
7.Bf1e2 O-O
8.O-O Bc8f5
9.Bc1g5 Bd6e7
10.Nb1d2 h6
11.Bg5h4 Qd8d7
12.Rf1e1 Nf6e4
13.Nd2xe4 Bf5xe4
14.Bh4xe7 Qd7xe7
15.Be2d3 Qe7f6
16.Bd3xe4 dxe4
17.Re1xe4 Rf8e8
18.Re4xe8 Ra8xe8
19.Nf3e5 Nc6xe5
20.dxe5 Qf6xe5
21.Qd1d7 Re8d8
22.Qd7g4 Qe5f6
23.Qg4c4 Rd8d2
24.Ra1f1 c6
25.Qc4b3 b6
26.a3 Qf6d6
27.Rf1b1 Qd6d3
28.Rb1f1 Qd3c2
29.Qb3xc2 Rd2xc2
30.Rf1b1 Kf8
31.f3 Ke7
32.Kf1 f5
33.g4 Kf6
34.Kg1 f4
35.h4 g5
36.hxg5 hxg5
37.a4 Rc2e2
38.Kf1 Re2e3
39.Kf2 Ke5
40.Rb1d1 a6
41.Rd1d8 Ke6
42.Rd8e8 Kd5
43.Re8xe3 fxe3
44.Kxe3 Ke5
45.b3 c5
46.c4 a5
47.Kf2 Kd4
48.Kg3 Ke5
49.Kf2 Kf4
50.Ke2 Ke5
51.Ke3 { resign }
1-0

[Event "Tourn. n9219"]
[Site "www.chess-mail.com"]
[Date "2017.04.24"]
[Round "1"]
[White "Rons"]
[Black "Pdebonis"]
[WhiteElo "2550"]
[BlackElo "2420"]
[Result "1/2-1/2"]
[Round "1"]
1.e4 e5
2.Ng1f3 Nb8c6
3.Bf1b5 a6
4.Bb5a4 Ng8f6
5.O-O Bf8e7
6.Rf1e1 b5
7.Ba4b3 d6
8.c3 O-O
9.h3 Nc6a5
10.Bb3c2 c5
11.d4 Qd8c7
12.Nb1d2 cxd4
13.cxd4 Na5c6
14.Nd2b3 a5
15.Bc1e3 a4
16.Nb3d2 Bc8d7
17.Ra1c1 Qc7b7
18.Qd1e2 Rf8e8
19.Bc2d3 Ra8b8
20.dxe5 Nc6xe5
21.Nf3xe5 dxe5
22.Nd2f3 Be7b4
23.Re1d1 Bd7c6
24.Be3c5 Bb4xc5
25.Rc1xc5 Nf6d7
26.Rc5c3 Re8e6
27.Qe2e3 Re6d6
28.Rd1d2 Rb8d8
29.Nf3h4 Nd7f8
30.Nh4f5 Rd6d7
31.Qe3c5 Nf8e6
32.Qc5xe5 Qb7b6
33.a3 Kh8
34.Nf5e3 b4
35.Rc3c1 Bc6b7
36.Ne3c4 Qb6c6
37.Rc1d1 bxa3
38.bxa3 f6
39.Qe5a5 Bb7a6
40.Bd3f1 Rd7xd2
41.Rd1xd2 Rd8xd2
42.Qa5xd2 Ba6xc4
43.Qd2b4 Bc4b3
44.Qb4b8 Ne6d8
45.Qb8xd8 Bb3g8
46.Qd8e7 h6
47.g3 Bg8c4
48.Bf1g2 Bc4g8
49.Qe7b4 Qc6c1
50.Kh2 Qc1c2
51.Qb4d4 Qc2b3
52.Qd4c5 Qb3d3
53.f4 Kh7
54.e5 fxe5
55.fxe5 Qd3e2
56.Qc5d4 Qe2a2
57.Qd4d3 Kh8
58.h4 Bg8e6
59.Qd3b5 Kh7
60.Qb5c6 Be6f7
61.Qc6e4 Kg8
62.Qe4a8 Kh7
63.Qa8b7 Bf7e6
64.Qb7e4 Kg8
65.Qe4c6 Be6b3
66.Qc6a8 Kf7
67.Qa8b7 Kg8
68.Qb7e7 Bb3c4
69.Qe7d8 Kh7
70.Qd8d7 Bc4e6
71.Qd7d6 Be6c4
72.Qd6c5 Bc4b3
73.Qc5c3 Kg8
74.Qc3c6 Kh7
75.Qc6c5 Bb3e6
76.Qc5e3 Kg8
77.Qe3b6 Kh7
78.Qb6a6 Be6c4
79.Qa6d6 Kg8
{ draw }
1/2-1/2